EUを脱退した国・地域 - Statistics

General Stats
  • This quiz has been taken 313 times
  • The average score is 1 of 5
Answer Stats
脱退年 国または地域 % Correct
2020年 イギリス
99%
1962年 アルジェリア
36%
1985年 グリーンランド
11%
1985年 サンピエール島およびミクロン島
2%
2012年 サン・バルテルミー島
1%
No matching quizzes found
Score Distribution
Percent of People with Each Score
Percentile by Number Answered
Your Score History
You have not taken this quiz